The poetry of Sir Thomas Wyatt : (Record no. 18052)
[ view plain ]
| 000 -LEADER | |
|---|---|
| fixed length control field | 00828cam a22002531 4500 |
| 001 - CONTROL NUMBER | |
| control field | 18052 |
| 003 - CONTROL NUMBER IDENTIFIER | |
| rucl marc code | BD-RjUL |
| 005 - DATE AND TIME OF LATEST TRANSACTION | |
| control field | 20211209000230.0 |
| 008 - FIXED-LENGTH DATA ELEMENTS--GENERAL INFORMATION | |
| fixed length control field | 140219s1949 enk 001 0 eng d |
| 035 ## - SYSTEM CONTROL NUMBER | |
| System control number | (BD-RjUL)18110 |
| System control number | (OCoLC)2109591 |
| 040 ## - CATALOGING SOURCE | |
| Original cataloging agency | DLC |
| Transcribing agency | NAlU |
| Modifying agency | OCoLC |
| -- | DLC |
| -- | BD-RjUL |
| Language of cataloging | eng |
| 041 ## - LANGUAGE CODE | |
| Language code of text/sound track or separate title | eng |
| 082 ## - DEWEY DECIMAL CLASSIFICATION NUMBER | |
| Classification number | 821.27 |
| Author mark and year | WYP 1949 |
| 100 1# - MAIN ENTRY--PERSONAL NAME | |
| Personal name | Wyatt, Thomas, |
| Dates associated with a name | 1503?-1542. |
| 9 (RLIN) | 55626 |
| 245 04 - TITLE STATEMENT | |
| Title | The poetry of Sir Thomas Wyatt : |
| Remainder of title | a selection and a study / |
| Statement of responsibility, etc. | by E. M. W. Tillyard. |
| 260 ## - PUBLICATION, DISTRIBUTION, ETC. (IMPRINT) | |
| Place of publication, distribution, etc. | London : |
| Name of publisher, distributor, etc. | Chatto & Windus, |
| Date of publication, distribution, etc. | 1949. |
| 300 ## - PHYSICAL DESCRIPTION | |
| Pagination | xi, 179 p. ; |
| Size | 22 cm. |
| 504 ## - BIBLIOGRAPHY, ETC. NOTE | |
| Bibliography, etc | Notes (bibliographical): p. 143-145. and Index |
| 700 1# - ADDED ENTRY--PERSONAL NAME | |
| Personal name | Tillyard, E. M. W. |
| Fuller form of name | (Eustace Mandeville Wetenhall), |
| Dates associated with a name | 1889-1962, |
| Relator term | ed. |
| 942 ## - ADDED ENTRY ELEMENTS (KOHA) | |
| Source of classification or shelving scheme | Dewey Decimal Classification |
| Koha item type | Books |
| Lost status | Source of classification or shelving scheme | Damaged status | Not for loan | Collection code | Permanent Location | Current Location | Shelving location | Date acquired | Source of acquisition | Cost, normal purchase price | Total Checkouts | Full call number | Date last seen | Copy number | Koha item type |
|---|---|---|---|---|---|---|---|---|---|---|---|---|---|---|---|
| Dewey Decimal Classification | Not For Loan | Fiction | Central Library, University of Rajshahi | Central Library, University of Rajshahi | Reading Room | 03/03/1955 | U.B.D | 0.00 | 821.27 WYP 1949 | 19/02/2014 | C-1 | Books |